000 00322 a2200133 4500
001 153851
040 _cEscola São Tomás de Aquino
100 _aMACHADO, Ana Maria
240 1 0 _aO palhaço espalhafato
_lpor
245 1 0 _aO palhaço espalhafato
440 1 _aSalamandra
697 _a*LITERATURA INFANTIL
942 _cBK
999 _c153851
_d153851